Η μόδα / (Record no. 9861)
[ view plain ]
| 000 -LEADER | |
|---|---|
| fixed length control field | 02650nam a22002657a 4500 |
| 003 - ΤΑΥΤΟΤΗΤΑ ΤΟΥ ΑΡΙΘΜΟΥ ΕΛΕΓΧΟΥ | |
| Πεδίο ελέγχου | GR-AtMCL |
| 005 - ΗΜΕΡΟΜΗΝΙΑ ΚΑΙ ΩΡΑ ΤΕΛΕΥΤΑΙΑΣ ΕΝΗΜΕΡΩΣΗΣ | |
| Πεδίο ελέγχου | 20250804134431.0 |
| 006 - FIXED-LENGTH DATA ELEMENTS--ADDITIONAL MATERIAL CHARACTERISTICS | |
| Πεδίο ελέγχου σταθερού μήκους | a|||||r||||||||||| |
| 008 - FIXED-LENGTH DATA ELEMENTS--GENERAL INFORMATION | |
| Πεδίο ελέγχου σταθερού μήκους | 250804b |||||||| |||| 00| 0 eng d |
| 020 ## - ISBN | |
| ISBN | 9789603483083 |
| 040 ## - ΠΗΓΗ ΚΑΤΑΛΟΓΟΓΡΑΦΗΣΗΣ | |
| Γλώσσα καταλογογράφησης | Ελληνικά, Μοντέρνα (1453-) |
| Φορέας πρωτότυπης καταλογογράφησης | MC Athens Campus Library |
| Modifying agency | MC Athens Campus Library |
| Κανόνες περιγραφικής καταλογογράφησης | AACR2 |
| 100 ## - MAIN ENTRY--PERSONAL NAME | |
| Personal name | Simmel,Georg |
| 9 (RLIN) | 9924 |
| 245 02 - ΤΙΤΛΟΣ ΚΑΙ ΔΗΛΩΣΗ ΥΠΕΥΘΥΝΟΤΗΤΑΣ | |
| Τίτλος | Η μόδα / |
| Statement of responsibility, etc. | Georg Simmel |
| 250 ## - EDITION STATEMENT | |
| Edition statement | 1η έκδ. |
| 260 ## - PUBLICATION, DISTRIBUTION, ETC. | |
| Place of publication, distribution, etc. | Αθήνα : |
| Name of publisher, distributor, etc. | Πλέθρον, |
| Date of publication, distribution, etc. | 2018 |
| 300 ## - PHYSICAL DESCRIPTION | |
| Extent | 55 σ. |
| Διαστάσεις | 18 εκ. |
| 500 ## - GENERAL NOTE | |
| Γενική σημείωση | Τίτλος πρωτοτύπου: Die Mode |
| 520 ## - SUMMARY, ETC. | |
| Summary, etc. | Ο γερμανός φιλόσοφος και κοινωνιολόγος Georg Simmel (1858-1918) μέσω της πληθώρας των θεματικών που εξέτασε (μεταξύ άλλων το τοπίο, το χρήμα, ο έρωτας, η μητρόπολη), ανήκει σε όσους πραγματοποίησαν την επιστροφή της φιλοσοφίας σε αντικείμενα και πτυχές της καθημερινής ζωής της νεωτερικότητας. Σύμφωνα με τον Adorno, κατόρθωσε "να αποτελεί τον κανόνα για όποιον δεν έμενε ικανοποιημένος από τα κύμβαλα της γνωσιοθεωρίας και της ιστορίας του πνεύματος". Το ακαδημαϊκό κατεστημένο τον αντάμειψε για το επιστημολογικό του θράσος αλλά και για τη δημοφιλία των κειμένων και των διαλέξεών του κρατώντας τον σταθερά στο περιθώριο, δίνοντάς του έτσι την ευκαιρία να μένει σ' επαφή με το κοινωνικό γίγνεσθαι της εποχής του. Με το δοκίμιό του "Η μόδα" ο Simmel ακτινογράφησε φιλοσοφικά και κοινωνιολογικά το φαινόμενο της μόδας, ένα κατεξοχήν φαινόμενο της νεωτερικότητας, δείχνοντας μέσα από την ανάλυση του δυϊσμού που χαρακτηρίζει το νεωτερικό υποκείμενο, το παράδοξο φαινόμενο να είναι κανείς "εντός μόδας", ακόμη και όταν πασχίζει να είναι "εκτός μόδας". |
| 650 #0 - SUBJECT ADDED ENTRY--TOPICAL TERM | |
| Topical term or geographic name entry element | Μόδα Κοινωνικές απόψεις |
| 9 (RLIN) | 9925 |
| 650 #0 - SUBJECT ADDED ENTRY--TOPICAL TERM | |
| Topical term or geographic name entry element | Fashion |
| 9 (RLIN) | 9926 |
| 700 ## - ΠΡΟΣΘΕΤΗ ΑΝΑΓΡΑΦΗ--ΦΥΣΙΚΟ ΠΡΟΣΩΠΟ | |
| Personal name | Βασιλείου, Κωνσταντίνος |
| Σχέση | Μεταφραστής |
| 9 (RLIN) | 9927 |
| 942 ## - ADDED ENTRY ELEMENTS (KOHA) | |
| Koha item type | Books |
| Τύπος τεκμηρίου | Βιβλιοθήκη | Τρέχουσα τοποθεσία | Barcode | Αριθμός εισαγωγής | Ημερομηνία απόκτησης | Ταξιθετικό σύμβολο | Αριθμός αντιτύπου | Κατάσταση απόσυρσης | Κατάσταση χαμένου | Κατάσταση κατεστραμμένου | Μη δανεισμός | Σύνολο δανεισμών | Ημερομηνία τελευταίας εμφάνισης | Η τιμή ισχύει από |
|---|---|---|---|---|---|---|---|---|---|---|---|---|---|---|
| Books | MC Athens Campus Library | MC Athens Campus Library | 9780000098337 | 8002 | 04/08/2025 | 193 SIM | 1 | 04/08/2025 | 04/08/2025 |